• 首页
  • 本馆介绍
  • 公告通知
  • 最新文献
  • 馆藏检索
  • 电子资源
  • 读者导购
  • 参考咨询
  • 我的图书馆
  • 登录
  • 详细信息显示
  • 放入我的书架
  • 预约/预借图书
  • 作者相关作品
  • 分类相关作品
  • 丛书相关作品
  • 出版社相关作品

书目信息

  • 表格格式
  • 工作单格式
  • 卡片格式
题名:
斗智
    
 
作者: 拉·法拉戈 著 ;何新 译
分册:  
出版信息: 北京   群众出版社  1962.11
页数: 263页
开本: 20cm
丛书名:
单 册:
中图分类: D771.2
科图分类:
主题词: 政治
电子资源:
ISBN:
000 00573nam0 2200217 45
001 0303060937
005 20060803104745.04
010    @dCNY0.70
091    @a3067.39
100    @a20030306d1962 km y0chiy0120 ea
101 0  @achi@ceng
200 1  @a斗智@ADou Zhi@f(美)拉·法拉戈著@F(Mei)La·Fa La Ge Zhu@g何新译
210    @a北京@c群众出版社@d1962.11
215    @a263页@d20cm
300    @a内部发行
606 0  @a政治
690    @aD771.2@v3
701  0 @a拉·法拉戈@4著
702  0 @a何新@AHe Xin@4译
801    @aCN@bTSTC@c20060803
905    @dD771.2@e254@f1@b13235@f1@b33568
    
    斗智/(美)拉·法拉戈著/何新译.-北京:群众出版社,1962.11
    263页;20cm
    内部发行
    
    ISBN :CNY0.70
    
●
相关链接 在E读中查询图书 在五车中查询图书 在当当中查询图书 在豆瓣中查询图书


正题名:斗智     索取号:D771.2/254         预约/预借

序号 登录号 条形码 馆藏地/架位号 状态 备注
1 0013235   001804113   密集书库/ [索取号:D771.2/254] 在馆    
2 0033567   001797540   密集书库/ [索取号:D771.2/254] 在馆    
3 0033568   001804079   密集书库/ [索取号:D771.2/254] 在馆    
4 0033569   001759190   密集书库/ [索取号:D771.2/254] 在馆    
5 0425804   204258043   密集书库/ [索取号:D771.2/254] 在馆    
6 0440788   204407882   密集书库/ [索取号:D771.2/254] 在馆    
7 0446580   204465809   密集书库/ [索取号:D771.2/254] 在馆    
唐山师范学院图书馆 欢迎您!
大连网信软件有限公司© 版权所有